Galatians: (Record no. 5799)

000 -LEADER
fixed length control field 00694nam a2200205 a 4500
001 - CONTROL NUMBER
control field :::00003541$&:&@@
003 - CONTROL NUMBER IDENTIFIER
control field OkBaRHE
005 - DATE AND TIME OF LATEST TRANSACTION
control field 20000607103307.0
008 - FIXED-LENGTH DATA ELEMENTS--GENERAL INFORMATION
fixed length control field s1960 j 000 0 eng u
040 ## - CATALOGING SOURCE
Transcribing agency
100 1# - MAIN ENTRY--PERSONAL NAME
Personal name De Haan, M. R. (Martin Ralph), 1891-1964.
245 10 - TITLE STATEMENT
Title Galatians:
Remainder of title twenty-two simple studies in Paul's teaching of law and grace.
260 ## - PUBLICATION, DISTRIBUTION, ETC. (IMPRINT)
Place of publication, distribution, etc Grand Rapids, MI., :
Name of publisher, distributor, etc Radio Bible Class
Date of publication, distribution, etc 1960
300 ## - PHYSICAL DESCRIPTION
Extent 184 p. ;
Dimensions 20 cm.
650 ## - SUBJECT ADDED ENTRY--TOPICAL TERM
Topical term or geographic name as entry element Bible New Testament Galatians
General subdivision Study
650 ## - SUBJECT ADDED ENTRY--TOPICAL TERM
Topical term or geographic name as entry element Grace (Theology)
650 ## - SUBJECT ADDED ENTRY--TOPICAL TERM
Topical term or geographic name as entry element Law (Theology)
942 ## - ADDED ENTRY ELEMENTS (KOHA)
Source of classification or shelving scheme
Koha item type Books
Copies
Damaged status Permanent Location Barcode Price effective from Date last seen Full call number Koha item type Withdrawn status Lost status Not for loan Source of classification or shelving scheme Date acquired Shelving location Copy number
 RHEMA Bible Training College35412010-04-142018-04-03BS 2685.3 .D5Books    2010-04-14General Stacks1